00780 2200181 4500001002100000005001500021008004100036035002000077082001000097084001600107100002100123245004900144260002900193300002800222520031300250650002400563990001100587INLIS00000000000123020250717110727250717 g 0 ind  a0010-0621000830 a001.5 a001.5 VIN s0 aVincent Gaspersz1 aSistem Informasi Manajemen (suatu Pengantar) aBandung :bArmico,c1988 a196 halaman ;c20,5 cm. aSistem Informasi Manajemen (suatu Pengantar) Buku ini dapat digunakan sebagai pegangan untuk materi kuliah sistem informasi manajemen yang disertai dengan praktik komputer, dan dapat diselesaikan dalam waktu cepat. Berisi tentang konsep informasi, konsep sistem informasi, dan organisasi sistem informasi. 4aManajemen Informasi a017040